Role fondů z hlediska řízení akciové společnosti
Vystúpenie ing. J. Brabca na konferencii - Správa a riadenie a.s., ktorá sa konala v júni 1995 v Prahe. Špecifické úlohy investičných fondov. Problém, či majú investičné a podielové fondy aktívne ovplyvňovať spoločnosti, ktorých akcie majú vo svojich portfoliách.
Salvato in:
| Autore principale: | |
|---|---|
| Natura: | Capitolo di libro |
| Lingua: | ceco |
| Soggetti: | |
| Tags: |
Nessun Tag, puoi essere il primo ad aggiungerne!!
|
MARC
| LEADER | 00000naa a2200000 4500 | ||
|---|---|---|---|
| 001 | r018591 | ||
| 005 | 20221208131043.5 | ||
| 041 | 0 | |a cze | |
| 044 | |a CZ | ||
| 245 | 1 | 0 | |a Role fondů z hlediska řízení akciové společnosti |c J. Brabec |
| 520 | |a Vystúpenie ing. J. Brabca na konferencii - Správa a riadenie a.s., ktorá sa konala v júni 1995 v Prahe. Špecifické úlohy investičných fondov. Problém, či majú investičné a podielové fondy aktívne ovplyvňovať spoločnosti, ktorých akcie majú vo svojich portfoliách. | ||
| 610 | 2 | 0 | |a fondy investičné |
| 610 | 2 | 0 | |a fondy podielové |
| 610 | 2 | 0 | |a spoločnosti akciové |
| 610 | 2 | 0 | |a manažment |
| 610 | 2 | 0 | |a portfólio |
| 610 | 2 | 0 | |a konferencie |
| 610 | 2 | 0 | |a 1995 |
| 610 | 2 | 0 | |a Praha |
| 610 | 2 | 0 | |a Česko |
| 100 | 1 | |a Brabec, J. | |